[Event "Zweibruecken PSB-ch HT4 82nd"]
[Site "Zweibruecken"]
[Date "2013.03.30"]
[Round "7"]
[White "Trautmann, Kurt"]
[Black "Froehlich, Daniel"]
[Result "1/2-1/2"]
[WhiteElo "1487"]
[BlackElo "1707"]
[PlyCount "128"]
[EventDate "2013.??.??"]
[EventType "swiss"]
[EventRounds "7"]
[EventCountry "GER"]
[SourceTitle "EXT 2014"]
[Source "ChessBase"]
[SourceDate "2013.11.20"]
[SourceVersion "1"]
[SourceVersionDate "2013.11.20"]
[SourceQuality "1"]

1. Nf3 g6 2. c4 Bg7 3. Nc3 c5 4. e3 Nf6 5. d4 cxd4 6. exd4 0-0 7. Be2 d5 8. 0-0 Nc6 9. Be3 e6 10. Rc1 dxc4 11. Bxc4 Ne7 12. Re1 Ned5 13. Bxd5 Nxd5 14. Nxd5 Qxd5 15. b3 b6 16. Qd2 Bb7 17. Bh6 Rfc8 18. Rxc8+ Rxc8 19. Bxg7 Kxg7 20. Qe3 Rc2 21. Re2 Rxe2 22. Qxe2 f6 23. Qc2 Qd6 24. Ne1 a5 25. Qc3 Bc6 26. f3 Kf7 27. Nc2 a4 28. bxa4 Bxa4 29. Qb4 Qc6 30. Ne1 b5 31. a3 Qc1 32. Kf2 Qc6 33. Qc5 Qd7 34. Nd3 h5 35. h4 Bb3 36. Nb4 Bd5 37. Na6 Qc6 38. Qxc6 Bxc6 39. Nc5 Ke7 40. Ke3 Kd6 41. Nd3 g5 42. hxg5 fxg5 43. Ne5 g4 44. fxg4 hxg4 45. g3 Be8 46. Nxg4 Bg6 47. Ne5 Bh7 48. g4 Ke7 49. g5 Bf5 50. Kf4 Bc2 51. Kg4 Bd1+ 52. Kh4 Be2 53. Ng6+ Kf7 54. Nf4 Bd1 55. Nd3 Kg6 56. Ne5+ Kf5 57. Nc6 Kg6 58. Na7 Be2 59. Nc8 Bd1 60. Nd6 Be2 61. Ne4 Bf3 62. Nc5 Kf5 63. Kg3 Bd5 64. Kh4 Bf3 1/2-1/2